| 000 | 00758cab a2200229 4500 | ||
|---|---|---|---|
| 001 | WB3403-32 | ||
| 008 | 090401t1998 xxu||||| |||| 00| 0 eng d | ||
| 035 | _a(Sirsi) u83242 | ||
| 041 | _aeng | ||
| 245 | _aAgents can do `quiet` deals | ||
| 260 | _c1998 | ||
| 350 | _a0 | ||
| 490 |
_aFarmers' Weekly _v16 January 1998, 77(1) |
||
| 520 | _aFarmland market agents can sometimes use their knowledge to do `quiet` deals without resorting to advertising. Reviews the buying agent`s role in farmland deals. | ||
| 650 | _aAGENTS | ||
| 650 | _aFARMLAND MARKET | ||
| 650 | _aLAND SALES | ||
| 650 | _aPROPERTY-PROPERTY ACQUISITION AND DISPOSAL-ACQUISITION AND DISPOSAL BY PRIVATE TREATY | ||
| 690 | _aRURAL PRACTICE | ||
| 942 | _n0 | ||
| 948 | _c21/01/1998 | ||
| 999 |
_c52564 _d52564 |
||